| 000 | 00863cam a22002531 4500 | ||
|---|---|---|---|
| 999 |
_c16312 _d16312 |
||
| 001 | 1225462 | ||
| 005 | 20161109130052.0 | ||
| 008 | 711020s1966 nyua b 000 0 eng | ||
| 010 | _a 66024104 | ||
| 040 |
_aDLC _cDLC _dDLC |
||
| 050 | 0 | 0 |
_aND623.L5 _bW32 |
| 082 | 0 | 0 | _a759.5 |
| 100 | 1 |
_aWallace, Robert, _d1919- |
|
| 245 | 1 | 4 |
_aThe world of Leonardo, 1452-1519, _cby Robert Wallace and the editors of Time-Life Books. |
| 260 |
_aNew York, _bTime, inc. _c[1966] |
||
| 300 |
_a192 p. _billus. (part col.) _c32 cm. |
||
| 490 | 0 | _aTime-Life library of art | |
| 504 | _aBibliography: p. 187-188. | ||
| 600 | 0 | 0 |
_aLeonardo, _cda Vinci, _d1452-1519. |
| 730 | 0 | _aLife (Chicago, Ill.) | |
| 906 |
_a7 _bcbc _corignew _du _eocip _f19 _gy-gencatlg |
||
| 942 |
_2lcc _cBOOKS _hND623.L5 W32 1966 |
||